Normal view
MARC view
Entry Personal Name
001 - CONTROL NUMBER
- control field: 7898
003 - CONTROL NUMBER IDENTIFIER
- control field: dpl
005 - DATE AND TIME OF LATEST TRANSACTION
- control field: 20100806151337.0
008 - FIXED-LENGTH DATA ELEMENTS
- fixed length control field: 100806|||a|||||| | ||| d
040 ## - CATALOGING SOURCE
- Original cataloging agency: dpl
- Transcribing agency: dpl
100 ## - HEADING--PERSONAL NAME
- Personal name: गर्ग, आर्यभूषण
670 ## - SOURCE DATA FOUND
- Source citation: Work cat.: (dpl)39831: गर्ग, आर्यभूषण, गांधारी का सच:, 2010
670 ## - SOURCE DATA FOUND
- Source citation: Work cat.: (dpl)39831: गर्ग, आर्यभूषण, गांधारी का सच:, 2010
